000 00813cab a2200241 4500
001 ABS44470
008 090401t1991 xxu||||| |||| 00| 0 eng d
035 _a(Sirsi) u47315
041 _aeng
100 _aMcDonagh, N.
245 _aFinding a framework for the future
260 _c1991
350 _a0
490 _aChartered Quantity Surveyor
_v13(8) April 1991, 18-19 (2)
520 _aUrges discussion of the development of the quantity surveyor`s role ; the overlap with other surveying divisions, the opportunities of value engineering and procurement management and information management are mentioned.
650 _aASSET MANAGEMENT
650 _aQUANTITY SURVEYORS
650 _aRICS
690 _aQuantity surveying
_96263
700 _aBrandon, P.
942 _n0
948 _c04/03/1997
999 _c29840
_d29840